000 00296nam a2200109Ia 4500
008 190914s9999||||xx |||||||||||||| ||und||
100 _aSafdar Ali Najmi
245 0 _aMader-e-Millat Muhterma Fatima Jinnah : Shakhseat aur Ifkar
260 _aKarachi
_bUniversal
_c1997
300 _a695
942 _cBK
999 _c9776
_d9776